Personnages d'anime (1) oshi no ko - Statistiques

Statistiques générales
  • Ce quiz a été pris 320 fois
  • Le résultat moyen est 8 sur 11
Statistiques - réponses
Par images Réponse % Correct
Ai
99%
Aqua
98%
Ruby
98%
Kana
96%
Akane
95%
Mem-Cho
89%
Sarina
66%
goro
63%
Miyako Saito
52%
pieyon
50%
Gotonda
10%
Aucun quiz correspondant
Distribution des résultats
% des personnes avec chaque résultat
Percentile par nombre de réponses
Votre historique - résultats
Vous n’avez pas pris ce quiz